[Event "Champ FRA - Under 8"]
[Site "Europe Echecs"]
[Date "2020.07.06"]
[Round "4"]
[Time "15:20:55"]
[PlyCount "74"]
[White "AnseeuwEmma"]
[Black "DuboisSelene"]
[WhiteElo "1228"]
[BlackElo "1037"]
[Mode "WEB"]
[Result "1-0"]

1. e4 e5 2. Nf3 Nc6 3. Nc3 Bc5 4. Bc4 Nf6 5. O-O O-O 6. d3 d6 7. h3 h6 8. a3 Bd7
9. Bd5 Qe7 10. Bxc6 bxc6 11. Bd2 Rab8 12. b4 Bd4 13. Nxd4 exd4 14. Ne2 c5 15.
bxc5 dxc5 16. Bf4 Qd8 17. c3 dxc3 18. Nxc3 Rb3 19. Qxb3 Be6 20. Qd1 Qb8 21. Rb1
Qc8 22. f3 Rd8 23. Nb5 Bc4 24. Nxa7 Qa8 25. Nb5 Bxd3 26. Rb3 Bxf1 27. Qxf1 Qa5
28. Bxc7 Qa7 29. Bxd8 Qb7 30. Bxf6 c4 31. Qxc4 Qb6+ 32. Bd4 Qa5 33. Qc8+ Kh7 34.
Qf5+ Kg8 35. Qg4 Qe1+ 36. Kh2 Qd1 37. Qxg7# {DuboisSelene est échec et mat} 1-0

[Event "Champ FRA - Under 8"]
[Site "Europe Echecs"]
[Date "2020.07.06"]
[Round "4"]
[Time "15:20:55"]
[PlyCount "62"]
[White "GrederPaul"]
[Black "GrallKynan"]
[WhiteElo "1220"]
[BlackElo "1020"]
[Mode "WEB"]
[Result "1-0"]

1. d4 e5 2. Nf3 Nc6 3. e3 e4 4. Ng5 Nf6 5. Bc4 Bd6 6. Bb5 Nb4 7. c3 Ng4 8. cxb4
Nxf2 9. Qe2 Nxh1 10. Qf1 Ng3 11. Qf2 Nh5 12. g4 Nf6 13. Bd2 O-O 14. Nc3 Nxg4 15.
Qg2 Bxb4 16. a3 Bxc3 17. bxc3 Qxg5 18. Qxe4 d6 19. Be2 Bf5 20. Qd5 c6 21. Qxd6
Rad8 22. Qc7 Qh4+ 23. Qg3 Qxg3+ 24. hxg3 Rd6 25. Rb1 Rh6 26. Rxb7 Rh1+ 27. Bf1
Re8 28. a4 Re6 29. a5 Bd3 30. Rb8+ Re8 31. Rxe8# {GrallKynan est échec et mat} 1-0

[Event "Champ FRA - Under 8"]
[Site "Europe Echecs"]
[Date "2020.07.06"]
[Round "4"]
[Time "15:20:55"]
[PlyCount "26"]
[White "BuchlinAdrien"]
[Black "SchmittVavihel"]
[WhiteElo "1190"]
[BlackElo "1020"]
[Mode "WEB"]
[Result "1-0"]

1. e4 e5 2. Nf3 Nf6 3. Nc3 Nc6 4. Bb5 Bb4 5. a3 a6 6. Bxc6 Bxc3 7. Bxd7+ Bxd7 8.
dxc3 Nxe4 9. Qe2 Nf6 10. Nxe5 Bb5 11. c4 Bd7 12. Nc6+ Qe7 13. Qxe7# {SchmittVavihel est échec et mat} 1-0

[Event "Champ FRA - Under 8"]
[Site "Europe Echecs"]
[Date "2020.07.06"]
[Round "4"]
[Time "15:20:55"]
[PlyCount "123"]
[White "CoutonTheo"]
[Black "SinivassaneNil"]
[WhiteElo "1190"]
[BlackElo "980"]
[Mode "WEB"]
[Result "0-1"]

1. e4 e5 2. Nf3 Nc6 3. Nc3 Nf6 4. Bc4 Bb4 5. d3 Bxc3+ 6. bxc3 O-O 7. h3 h6 8.
O-O d6 9. Ng5 Na5 10. d4 Nxc4 11. dxe5 dxe5 12. Qe2 Nd6 13. c4 Be6 14. c5 Nde8
15. Rb1 b6 16. c6 hxg5 17. Bxg5 Nd6 18. Rbd1 Bc4 19. Qf3 Bxf1 20. Kxf1 Ndxe4 21.
Rxd8 Rfxd8 22. Kg1 Re8 23. Qe2 Nc3 24. Qf1 Nxa2 25. Qd3 Rad8 26. Qg3 Rc8 27. Qh4
Re6 28. c4 Rd8 29. Bh6 gxh6 30. Qxh6 Rd1+ 31. Kh2 Rxc6 32. Qg5+ Kh7 33. Qf5+ Kg7
34. Qg5+ Kh7 35. Qh5+ Kg7 36. Qh4 Rc1 37. g4 R6xc4 38. Qg5+ Kh7 39. Qxf6 e4 40.
Qxf7+ Kh8 41. g5 R4c2 42. g6 Rxf2+ 43. Kg3 Rxf7 44. gxf7 Kg7 45. h4 Kxf7 46. h5
Rh1 47. Kg4 e3 48. Kg5 Kg7 49. h6+ Kh8 50. Kg6 e2 51. h7 e1=Q 52. Kg5 Qe5+ 53.
Kg4 Rg1+ 54. Kf3 Rf1+ 55. Kg2 Rf8 56. Kg1 Qg5+ 57. Kh2 Rf2+ 58. Kh3 Qe3+ 59. Kg4
Rf4+ 60. Kg5 Qe5+ 61. Kg6 Rf6# {CoutonTheo est échec et mat} 0-1

[Event "Champ FRA - Under 8"]
[Site "Europe Echecs"]
[Date "2020.07.06"]
[Round "4"]
[Time "15:20:55"]
[PlyCount "40"]
[White "CassagneresCha"]
[Black "ChenSophie"]
[WhiteElo "1180"]
[BlackElo "800"]
[Mode "WEB"]
[Result "1-0"]

1. e4 e5 2. Nf3 Nc6 3. Bc4 Nf6 4. Nc3 Bc5 5. O-O O-O 6. d3 d6 7. Bg5 Bg4 8. h3
h6 9. Bxf6 Bxf3 10. Qxf3 Qxf6 11. Qxf6 gxf6 12. Nd5 Nd4 13. Nxf6+ Kh8 14. Nd7
Rfd8 15. Nxc5 dxc5 16. Bxf7 Rf8 17. Bb3 Nxb3 18. axb3 Rf6 19. c3 b5 20. c4 {ChenSophie a perdu au temps} 1-0

[Event "Champ FRA - Under 8"]
[Site "Europe Echecs"]
[Date "2020.07.06"]
[Round "4"]
[Time "15:20:55"]
[PlyCount "58"]
[White "JourdainLouis"]
[Black "BarrialMaxence"]
[WhiteElo "1170"]
[BlackElo "799"]
[Mode "WEB"]
[Result "1-0"]

1. d4 d5 2. Nc3 g5 3. Nf3 e6 4. Bxg5 Qd7 5. e3 f5 6. Bb5 c6 7. Bd3 b6 8. Ne5 Qd8
9. Bxd8 Kxd8 10. Nf7+ Kd7 11. Nxh8 Nf6 12. Nf7 Bb4 13. Ne5+ Ke7 14. O-O Bb7 15.
a3 Bxc3 16. bxc3 Nbd7 17. Nxd7 Nxd7 18. Qh5 Nf6 19. Qh6 c5 20. Qg7+ Ke8 21. Qxf6
Rd8 22. Qh8+ Kd7 23. Qxh7+ Kc8 24. dxc5 d4 25. exd4 Be4 26. cxb6 axb6 27. Bxe4
fxe4 28. Qxe4 Rh8 29. Qxe6+ {BarrialMaxence a abandonné} 1-0

[Event "Champ FRA - Under 8"]
[Site "Europe Echecs"]
[Date "2020.07.06"]
[Round "4"]
[Time "15:20:55"]
[PlyCount "62"]
[White "Schoenenberger"]
[Black "GadoisMelina"]
[WhiteElo "950"]
[BlackElo "1150"]
[Mode "WEB"]
[Result "1-0"]

1. e4 e5 2. Nf3 Nc6 3. Bc4 Bc5 4. O-O Nf6 5. d3 O-O 6. Bg5 d6 7. Bxf6 Qe7 8.
Bxe7 Re8 9. Bg5 h6 10. Bh4 Bg4 11. h3 Bh5 12. Nc3 Rac8 13. Nd5 Re6 14. Nxc7 Rxc7
15. Bxe6 fxe6 16. d4 exd4 17. g4 Bf7 18. Ne1 d5 19. exd5 exd5 20. Nd3 Be7 21.
Qf3 Bxh4 22. Qf4 Bg5 23. Qxc7 Be6 24. Nc5 Bd7 25. Nxd7 Kh7 26. Qxb7 Bh4 27. Qxc6
Kg8 28. Qg6 Kh8 29. Nf8 Kg8 30. Ne6 Kh8 31. Qxg7# {GadoisMelina est échec et mat} 1-0

[Event "Champ FRA - Under 8"]
[Site "Europe Echecs"]
[Date "2020.07.06"]
[Round "4"]
[Time "15:20:55"]
[PlyCount "52"]
[White "Cadilhacseffin"]
[Black "ColinFelix"]
[WhiteElo "1130"]
[BlackElo "799"]
[Mode "WEB"]
[Result "1-0"]

1. e4 e5 2. Nf3 Nc6 3. Nc3 Nf6 4. Bc4 Bb4 5. a3 Bxc3 6. dxc3 d6 7. O-O Bg4 8. h3
Bxf3 9. Qxf3 d5 10. Bb3 dxe4 11. Qe3 O-O 12. Qc5 Qe7 13. Qb5 Qd7 14. Qxb7 Qe6
15. Bxe6 fxe6 16. Qxc6 Rac8 17. Qxe6+ Kh8 18. Qf5 Rf7 19. Qxc8+ Ng8 20. Bg5 Re7
21. Bxe7 e3 22. fxe3 h6 23. Rf8 Kh7 24. Qf5+ Kh8 25. Qf7 Kh7 26. Rxg8 {ColinFelix a abandonné} 1-0

[Event "Champ FRA - Under 8"]
[Site "Europe Echecs"]
[Date "2020.07.06"]
[Round "4"]
[Time "15:20:55"]
[PlyCount "84"]
[White "GlonTombiAmbas"]
[Black "VidalAlexandre"]
[WhiteElo "920"]
[BlackElo "1130"]
[Mode "WEB"]
[Result "1-0"]

1. e4 e5 2. Nf3 Nc6 3. Bc4 Bc5 4. O-O Nf6 5. Nc3 O-O 6. d3 d6 7. Bg5 h6 8. Bh4
g5 9. Bg3 Bg4 10. h3 Bh5 11. Qe2 Nd4 12. Qd1 Nxf3+ 13. gxf3 Bd4 14. Qe2 Bxc3 15.
bxc3 c6 16. Rab1 b5 17. Bb3 a5 18. a3 a4 19. Ba2 d5 20. exd5 cxd5 21. Qxe5 Re8
22. Qd4 Rc8 23. Rbe1 Rxe1 24. Rxe1 Bxf3 25. Re3 Bh5 26. Re5 Bg6 27. Bxd5 Nxd5
28. Rxd5 Qa5 29. c4 Qe1+ 30. Kg2 bxc4 31. dxc4 f5 32. f3 Qe2+ 33. Kh1 Qf1+ 34.
Kh2 Rxc4 35. Rd8+ Kf7 36. Qd7+ Kf6 37. Qd6+ Kf7 38. Qf8+ Ke6 39. Qd6+ Kf7 40.
Rd7+ Kg8 41. Qxg6+ Kf8 42. Qf7# {VidalAlexandre est échec et mat} 1-0

[Event "Champ FRA - Under 8"]
[Site "Europe Echecs"]
[Date "2020.07.06"]
[Round "4"]
[Time "15:20:55"]
[PlyCount "33"]
[White "AlsaiedNizar"]
[Black "FeretGabriel"]
[WhiteElo "1120"]
[BlackElo "799"]
[Mode "WEB"]
[Result "0-1"]

1. e4 e5 2. Nf3 Nc6 3. Nc3 Bc5 4. Bc4 Nf6 5. O-O d6 6. d3 O-O 7. Bg5 Bg4 8. Bxf6
Qxf6 9. h3 Bh5 10. Nd5 Qd8 11. Nc3 Qf6 12. Na4 Nd4 13. Nxc5 dxc5 14. c3 Nxf3+
15. Kh1 Qf4 16. Bd5 Qh2# {AlsaiedNizar est échec et mat} 0-1

[Event "Champ FRA - Under 8"]
[Site "Europe Echecs"]
[Date "2020.07.06"]
[Round "4"]
[Time "15:20:55"]
[PlyCount "64"]
[White "DoucetJeanGabr"]
[Black "MougenotSacha"]
[WhiteElo "1100"]
[BlackElo "799"]
[Mode "WEB"]
[Result "1/2-1/2"]

1. e4 d5 2. f3 Nc6 3. d3 Nf6 4. Be2 e5 5. Bg5 Qd6 6. Nc3 h6 7. Bh4 Be7 8. Qd2
O-O 9. O-O-O Be6 10. g4 Rad8 11. h3 Rfe8 12. b3 Qa3+ 13. Kb1 Nb4 14. Bf1 d4 15.
Be2 dxc3 16. Qxc3 Qxa2+ 17. Kc1 Na6 18. Qb2 Qa5 19. b4 Qa4 20. Qb3 Qa1+ 21. Qb1
Qa3+ 22. Qb2 Qa4 23. Qb3 Bxb3 24. cxb3 Qxb3 25. Rd2 Qxb4 26. Rb2 Qc3+ 27. Rc2
Qa3+ 28. Rb2 Qa1+ 29. Rb1 Qa3+ 30. Rb2 Qc5+ 31. Rc2 Qa3+ 32. Rb2 {Nulle par répétition} 1/2-1/2

[Event "Champ FRA - Under 8"]
[Site "Europe Echecs"]
[Date "2020.07.06"]
[Round "4"]
[Time "15:20:55"]
[PlyCount "28"]
[White "TellierArthur"]
[Black "SaintjoresMeli"]
[WhiteElo "800"]
[BlackElo "1100"]
[Mode "WEB"]
[Result "1-0"]

1. e4 c5 2. Bc4 e6 3. Nf3 Nc6 4. O-O Nf6 5. Nc3 d5 6. exd5 exd5 7. Bxd5 Nxd5 8.
Nxd5 Qxd5 9. Re1+ Be7 10. d3 O-O 11. Nd2 Ne5 12. Nf3 Nxf3+ 13. gxf3 Qg5+ 14.
Bxg5 {SaintjoresMeli a abandonné} 1-0

[Event "Champ FRA - Under 8"]
[Site "Europe Echecs"]
[Date "2020.07.06"]
[Round "4"]
[Time "15:20:55"]
[PlyCount "137"]
[White "MolinesThibaut"]
[Black "ChevillonInes"]
[WhiteElo "799"]
[BlackElo "1060"]
[Mode "WEB"]
[Result "0-1"]

1. e4 e5 2. Nf3 Nc6 3. Nc3 d6 4. Bc4 h6 5. d3 Nf6 6. O-O Be7 7. b3 O-O 8. Ba3
Bg4 9. h3 Bh5 10. g4 Bg6 11. Bc5 dxc5 12. a4 Nd7 13. Bb5 a6 14. Bxc6 bxc6 15. h4
Bxh4 16. Nxh4 Qxh4 17. a5 Qd8 18. Qf3 Qf6 19. Qg3 Qf4 20. Qg2 Qf6 21. Rab1 Qd8
22. b4 cxb4 23. Rxb4 Rb8 24. Rc4 c5 25. Ra4 Rb4 26. Raa1 Rb8 27. Rab1 Rxb1 28.
Rxb1 Qe7 29. Nd5 Qe6 30. Nxc7 Qc6 31. Nd5 Rb8 32. Ne7+ Kf8 33. Nxc6 Rxb1+ 34.
Kh2 Rb5 35. c4 Rb7 36. Qg1 Rc7 37. Nd8 Rc8 38. Nc6 Rxc6 39. Qb1 Kg8 40. Qb7 Rf6
41. Qxd7 Rxf2+ 42. Kg1 Rd2 43. Kf1 Ra2 44. Qa7 Rxa5 45. Qc7 Ra3 46. Qxc5 Rxd3
47. Qxe5 Re3 48. Kf2 Rxe4 49. Qd5 Rxg4 50. Qd4 Rxd4 51. c5 Rc4 52. c6 Rxc6 53.
Ke3 Rc7 54. Kd4 Ra7 55. Kd5 a5 56. Kc4 a4 57. Kc3 a3 58. Kb3 a2 59. Kb2 a1=Q+
60. Kb3 Rb7+ 61. Kc4 Qc1+ 62. Kd4 Rd7+ 63. Ke5 Qe1+ 64. Kf4 Rd4+ 65. Kf3 Rd2 66.
Kf4 Rf2+ 67. Kg4 Qg1+ 68. Kh4 Rh2# {MolinesThibaut est échec et mat} 0-1

[Event "Champ FRA - Under 8"]
[Site "Europe Echecs"]
[Date "2020.07.06"]
[Round "4"]
[Time "15:20:55"]
[PlyCount "58"]
[White "DoucetPaulLoup"]
[Black "ReissOscar"]
[WhiteElo "1060"]
[BlackElo "799"]
[Mode "WEB"]
[Result "1-0"]

1. e4 c5 2. Nf3 d6 3. Nc3 a6 4. Bc4 Nf6 5. O-O Nc6 6. d4 g6 7. dxc5 dxc5 8.
Qxd8+ Nxd8 9. e5 b5 10. exf6 bxc4 11. fxe7 Bxe7 12. Bf4 O-O 13. Nd5 Bf6 14.
Nxf6+ Kh8 15. Be5 Bb7 16. Nd7+ Kg8 17. Nxf8 Kxf8 18. Bd6+ Kg8 19. Bxc5 Ne6 20.
Bd6 Rd8 21. Be7 Re8 22. Bf6 Be4 23. c3 Nf4 24. g3 Bd3 25. Rfd1 Be2 26. gxf4 Bxd1
27. Rxd1 Re6 28. Be5 Rb6 29. Rd8# {ReissOscar est échec et mat} 1-0

[Event "Champ FRA - Under 8"]
[Site "Europe Echecs"]
[Date "2020.07.06"]
[Round "4"]
[Time "15:20:55"]
[PlyCount "32"]
[White "SakiOmar"]
[Black "SailhanDinhAle"]
[WhiteElo "1044"]
[BlackElo "799"]
[Mode "WEB"]
[Result "1-0"]

1. e4 e5 2. Nf3 Bc5 3. Bc4 Nf6 4. Nc3 Ng4 5. O-O Nxf2 6. Rxf2 Bxf2+ 7. Kxf2 O-O
8. Kg1 d6 9. d3 Bg4 10. Qe2 Bxf3 11. Qxf3 Nc6 12. Qh3 Nd4 13. Qg3 Nxc2 14. Rb1
c6 15. Bh6 d5 16. Qxg7# {SailhanDinhAle est échec et mat} 1-0

[Event "Champ FRA - Under 8"]
[Site "Europe Echecs"]
[Date "2020.07.06"]
[Round "4"]
[Time "15:20:55"]
[PlyCount "37"]
[White "NicolettiLouis"]
[Black "DruonCaspar"]
[WhiteElo "799"]
[BlackElo "1040"]
[Mode "WEB"]
[Result "0-1"]

1. e4 e5 2. Bc4 Nf6 3. Qe2 Bc5 4. Nc3 d6 5. Bb3 c6 6. Nf3 O-O 7. O-O Bg4 8. h3
Bxf3 9. Qxf3 Qb6 10. d3 Nbd7 11. Qg3 Nh5 12. Qg4 Ndf6 13. Qg3 Nxg3 14. Re1 Bxf2+
15. Kh2 Bxe1 16. Na4 Qf2 17. Bg5 Ne2 18. Bc4 Qg1# {NicolettiLouis est échec et mat} 0-1

[Event "Champ FRA - Under 8"]
[Site "Europe Echecs"]
[Date "2020.07.06"]
[Round "4"]
[Time "15:20:55"]
[PlyCount "63"]
[White "ClaverieMartin"]
[Black "DemangeSymeon"]
[WhiteElo "810"]
[BlackElo "799"]
[Mode "WEB"]
[Result "0-1"]

1. e4 e5 2. Nf3 Nc6 3. Nc3 Nf6 4. Bb5 Bc5 5. O-O O-O 6. d3 a6 7. Ba4 b5 8. Bb3
d6 9. Ng5 h6 10. Nf3 Bg4 11. d4 exd4 12. Nb1 d5 13. c3 dxc3 14. Nxc3 dxe4 15.
Nxe4 Nxe4 16. Bc2 Qxd1 17. Bxd1 Bxf3 18. gxf3 Nf6 19. Bf4 Bd6 20. Bg3 Bxg3 21.
fxg3 Rad8 22. Be2 Nd4 23. Rfe1 Nc2 24. Rec1 Nxa1 25. Rb1 Nc2 26. Rc1 Nd4 27. Rd1
Nxe2+ 28. Kf1 Rxd1+ 29. Kxe2 Rfd8 30. a3 R1d2+ 31. Ke1 Rxb2 {ClaverieMartin a abandonné} 0-1

[Event "Champ FRA - Under 8"]
[Site "Europe Echecs"]
[Date "2020.07.06"]
[Round "4"]
[Time "15:20:55"]
[PlyCount "72"]
[White "GanbatTushig"]
[Black "GiulianiGiovan"]
[WhiteElo "799"]
[BlackElo "1120"]
[Mode "WEB"]
[Result "1-0"]

1. e4 e5 2. Nf3 Nc6 3. Bc4 Qh4 4. Nxh4 g5 5. Nf3 g4 6. Ng5 Nd4 7. Bxf7+ Kd8 8.
Bxg8 Rxg8 9. Nxh7 Rg7 10. Nf6 Be7 11. Nd5 c6 12. Nxe7 Rxe7 13. Qxg4 Nxc2+ 14.
Kd1 Nxa1 15. d3 d5 16. Qh4 dxe4 17. dxe4 Be6 18. Bg5 Bxa2 19. Bxe7+ Kd7 20. Nc3
Nb3 21. Qf6 Nd4 22. Qxe5 Ne6 23. Qd6+ Ke8 24. Nxa2 Ng5 25. Qg6+ Nf7 26. Bc5 b6
27. Qe6+ Kd8 28. Qxf7 Rc8 29. Be7+ Kd7 30. Kc2 Kc7 31. Rd1 c5 32. Bd6+ Kc6 33.
Qd5+ Kb5 34. Nc3+ Kb4 35. Qb3+ Ka5 36. Ra1# {GiulianiGiovan est échec et mat} 1-0

[Event "Champ FRA - Under 8"]
[Site "Europe Echecs"]
[Date "2020.07.06"]
[Round "4"]
[Time "15:20:55"]
[PlyCount "49"]
[White "MindeHeloise"]
[Black "HouAudric"]
[WhiteElo "1110"]
[BlackElo "799"]
[Mode "WEB"]
[Result "0-1"]

1. e4 e5 2. Nf3 f6 3. Bb5 c6 4. Bc4 b5 5. Bxg8 Rxg8 6. Nxe5 g6 7. Nxg6 Rxg6 8.
O-O Bc5 9. d4 Bb4 10. Bf4 Na6 11. Nc3 Ba5 12. d5 cxd5 13. Ne2 dxe4 14. f3 exf3
15. Nd4 fxg2 16. Rf2 Bb4 17. Nxb5 Nb8 18. Nd6+ Kf8 19. Nxc8 Qxc8 20. a3 Bc5 21.
Rb1 Ke7 22. c3 Qb7 23. Rc1 Qb6 24. a4 Bxf2# {MindeHeloise est échec et mat} 0-1

[Event "Champ FRA - Under 8"]
[Site "Europe Echecs"]
[Date "2020.07.06"]
[Round "4"]
[Time "15:20:55"]
[PlyCount "85"]
[White "PeuzinNoan"]
[Black "PonzeveraAlexa"]
[WhiteElo "1080"]
[BlackElo "799"]
[Mode "WEB"]
[Result "0-1"]

1. e4 d6 2. Bb5+ c6 3. Bc4 Nf6 4. Nc3 Nbd7 5. Nge2 e5 6. O-O Qc7 7. Ng3 h6 8.
Nf5 Nb6 9. Ne2 Nxc4 10. b3 Nb6 11. Bb2 Bxf5 12. exf5 g5 13. Ng3 Nbd5 14. Nh5
Nxh5 15. Qxh5 Qd7 16. g4 Nf4 17. Qh4 gxh4 18. Rae1 O-O-O 19. Ba3 a5 20. Re4 Bg7
21. b4 axb4 22. Bxb4 c5 23. Ba5 Rde8 24. Rb4 b5 25. Rb3 c4 26. Rb4 Rhf8 27. Rfb1
Ne2+ 28. Kf1 Nf4 29. Rxb5 Qc6 30. Rb8+ Kd7 31. R8b7+ Kc8 32. Bc7 Qe4 33. Rb8+
Kd7 34. Ba5 Qe2+ 35. Kg1 Nh3+ 36. Kg2 Qxg4+ 37. Kf1 Qg1+ 38. Ke2 Qxf2+ 39. Kd1
Qxh2 40. R1b7+ Kc6 41. Bc7 Nf4 42. Ra7 Qg1# {PeuzinNoan est échec et mat} 0-1

[Event "Champ FRA - Under 8"]
[Site "Europe Echecs"]
[Date "2020.07.06"]
[Round "4"]
[Time "15:20:55"]
[PlyCount "32"]
[White "BonnayTramoniB"]
[Black "LavissiereGene"]
[WhiteElo "799"]
[BlackElo "920"]
[Mode "WEB"]
[Result "1-0"]

1. e4 e5 2. Bc4 Nc6 3. Nf3 d5 4. exd5 e4 5. dxc6 Bc5 6. Ne5 Bf5 7. Nxf7 Qf6 8.
Nxh8 Qg6 9. Nxg6 Bxg6 10. cxb7 Rb8 11. Bxg8 Kf8 12. Bd5 Ke8 13. Bc6+ Kd8 14. Qg4
h5 15. Qxg6 a5 16. Qe8# {LavissiereGene est échec et mat} 1-0

[Event "Champ FRA - Under 8"]
[Site "Europe Echecs"]
[Date "2020.07.06"]
[Round "4"]
[Time "15:20:55"]
[PlyCount "48"]
[White "MouradianIchrh"]
[Black "VidalRaphael"]
[WhiteElo "920"]
[BlackElo "799"]
[Mode "WEB"]
[Result "1-0"]

1. e4 e5 2. Nf3 Nc6 3. Bc4 Qf6 4. Nc3 Bc5 5. Nd5 Qd8 6. d3 d6 7. O-O Bg4 8. c3
Qd7 9. Bg5 f6 10. Be3 Nge7 11. h3 Bxf3 12. Qxf3 Nxd5 13. exd5 Na5 14. b4 Bxe3
15. bxa5 Bc5 16. d4 exd4 17. cxd4 Bxd4 18. Rfe1+ Kf8 19. Rab1 Rb8 20. Bb5 c6 21.
dxc6 Qc7 22. cxb7 Rxb7 23. Qe2 Qc5 24. Qe8# {VidalRaphael est échec et mat} 1-0

[Event "Champ FRA - Under 8"]
[Site "Europe Echecs"]
[Date "2020.07.06"]
[Round "4"]
[Time "15:20:55"]
[PlyCount "79"]
[White "DorgereLouka"]
[Black "RaykoPauline"]
[WhiteElo "799"]
[BlackElo "900"]
[Mode "WEB"]
[Result "0-1"]

1. d4 d5 2. c4 dxc4 3. Nc3 Nf6 4. d5 c6 5. dxc6 Nxc6 6. Bg5 h6 7. Bxf6 exf6 8.
Qxd8+ Nxd8 9. O-O-O Bb4 10. Nd5 Be6 11. Nxb4 Nc6 12. Nxc6 bxc6 13. e4 f5 14.
exf5 Bxf5 15. Bxc4 O-O 16. Bd3 Bg4 17. Be4 Bxd1 18. Kxd1 Rad8+ 19. Kc1 Rfe8 20.
Bxc6 Re1+ 21. Kc2 Rc8 22. Kb3 Rxc6 23. a4 Re7 24. Ka3 a6 25. b4 Rcc7 26. b5 Rc4
27. bxa6 Ra7 28. Kb3 Rc6 29. Kb4 Rcxa6 30. Kb5 Ra5+ 31. Kb4 Rxa4+ 32. Kb3 R4a5
33. Nf3 Rb7+ 34. Kc3 Rc5+ 35. Kd4 Rc8 36. Ne5 Rd8+ 37. Kc4 Rc7+ 38. Kb4 Rb8+ 39.
Ka5 Ra7# {DorgereLouka est échec et mat} 0-1

[Event "Champ FRA - Under 8"]
[Site "Europe Echecs"]
[Date "2020.07.06"]
[Round "5"]
[Time "15:45:34"]
[PlyCount "80"]
[White "DavidianAron"]
[Black "LandolsiIyad"]
[WhiteElo "1369"]
[BlackElo "1158"]
[Mode "WEB"]
[Result "1-0"]

1. e4 c5 2. Nf3 Nc6 3. d4 cxd4 4. Nxd4 g6 5. Nc3 Bg7 6. Be3 Nf6 7. f3 O-O 8. Bc4
d6 9. Qd2 Ne5 10. Bb3 Bd7 11. O-O-O Rc8 12. Bh6 Nc4 13. Bxc4 Rxc4 14. Bxg7 Kxg7
15. g4 Qc7 16. h4 Rc8 17. g5 Ne8 18. h5 b5 19. hxg6 fxg6 20. f4 b4 21. Nd5 Qc5
22. Nxe7 Rxd4 23. Qxd4+ Qxd4 24. Rxd4 Rc5 25. Rxd6 Bg4 26. Rd5 Rc7 27. Re5 Bh5
28. Nd5 Rc5 29. Rxe8 Kf7 30. Re7+ Kf8 31. Rxh7 Bf3 32. Rh8+ Kf7 33. R1h7+ Ke6
34. Re7+ Kd6 35. Rd8+ Kc6 36. Rc7+ Kb5 37. Rb8+ Kc4 38. b3+ Kd4 39. Rxb4+ Rc4
40. Rbxc4# {LandolsiIyad est échec et mat} 1-0

[Event "Champ FRA - Under 8"]
[Site "Europe Echecs"]
[Date "2020.07.06"]
[Round "5"]
[Time "15:45:34"]
[PlyCount "76"]
[White "ChenZhiyueDash"]
[Black "NottperaltaGab"]
[WhiteElo "1119"]
[BlackElo "1231"]
[Mode "WEB"]
[Result "1-0"]

1. e4 Nf6 2. Nc3 e5 3. Nf3 Nc6 4. Bc4 d6 5. h3 g6 6. Ng5 Qe7 7. Nxf7 Rg8 8. Ng5
Bh6 9. Bxg8 Nxg8 10. Nf3 Nf6 11. d3 Bg7 12. Bg5 h6 13. Be3 g5 14. Qd2 g4 15.
hxg4 Nxg4 16. Nd5 Qf7 17. O-O-O Ne7 18. Nxc7+ Kd8 19. Nxa8 Qxa2 20. Qc3 Nxe3 21.
fxe3 Qa6 22. Nc7 Qb6 23. Nd5 Nxd5 24. exd5 Qxe3+ 25. Qd2 Qb6 26. Rde1 Qa6 27.
Kd1 Bg4 28. Ke2 h5 29. Qg5+ Kc7 30. Qxg7+ Kb6 31. Qf6 Qa4 32. Qxd6+ Ka5 33. b4+
Kb5 34. Qc5+ Ka6 35. Ra1 b6 36. Rxa4+ Kb7 37. Qe7+ Ka8 38. Qxa7# {NottperaltaGab est échec et mat} 1-0

[Event "Champ FRA - Under 8"]
[Site "Europe Echecs"]
[Date "2020.07.06"]
[Round "5"]
[Time "15:45:34"]
[PlyCount "145"]
[White "DuquesneAdrien"]
[Black "DeladerriereHe"]
[WhiteElo "1230"]
[BlackElo "1141"]
[Mode "WEB"]
[Result "0-1"]

1. e4 d5 2. exd5 Qxd5 3. Nc3 Qd6 4. Nf3 Nf6 5. d3 a6 6. g3 Bg4 7. Bg2 Nc6 8. Bf4
Qd7 9. O-O e6 10. h3 Bxf3 11. Qxf3 Be7 12. Rae1 O-O 13. Bg5 h6 14. Bxf6 Bxf6 15.
Rb1 Rab8 16. Ne4 Nd4 17. Nxf6+ gxf6 18. Qg4+ Kh8 19. Qh5 Kg7 20. c3 Nf5 21. Be4
Rfd8 22. Bxf5 exf5 23. Rfd1 Qe6 24. a3 Rd5 25. c4 Rd4 26. Qf3 b5 27. cxb5 axb5
28. Qe3 Rbd8 29. Kg2 Qxe3 30. fxe3 Rxd3 31. Rxd3 Rxd3 32. Kf3 Kf8 33. Rc1 Rd7
34. Kf4 Ke7 35. Kxf5 Rd5+ 36. Kf4 Kd6 37. Kg4 Rd2 38. b4 Rd3 39. Kf5 Rxe3 40.
Kxf6 Rf3+ 41. Kg7 Rxg3+ 42. Kxf7 Rxh3 43. Rd1+ Kc6 44. Rc1+ Kb6 45. Ra1 h5 46.
Kg6 h4 47. Kg5 c5 48. a4 cxb4 49. a5+ Ka6 50. Kf6 Ra3 51. Rb1 Kxa5 52. Kg5 b3
53. Kxh4 Ka4 54. Kg3 Ra2 55. Kf3 b2 56. Ke3 Ka3 57. Kd2 Ra1 58. Kc2 Rxb1 59.
Kxb1 b4 60. Kc2 Ka2 61. Kd3 b1=Q+ 62. Kc4 Qb3+ 63. Kd4 Qc3+ 64. Kd5 b3 65. Kd6
b2 66. Kd7 b1=Q 67. Kd6 Qd1+ 68. Ke6 Qe3+ 69. Kf5 Qf1+ 70. Kg4 Qeg1+ 71. Kh4 Qg8
72. Kh5 Qh1# {DuquesneAdrien est échec et mat} 0-1

[Event "Champ FRA - Under 8"]
[Site "Europe Echecs"]
[Date "2020.07.06"]
[Round "5"]
[Time "15:45:34"]
[PlyCount "117"]
[White "TavaresRibeiro"]
[Black "LacanrusDavid"]
[WhiteElo "1225"]
[BlackElo "1136"]
[Mode "WEB"]
[Result "0-1"]

1. c4 e5 2. Nc3 Nf6 3. g3 d5 4. cxd5 Nxd5 5. Nf3 Nc6 6. Bg2 Bb4 7. Nxe5 Nxc3 8.
Nxc6 Nxd1 9. Nxd8 Nxf2 10. Nxf7 Rf8 11. Kxf2 Rxf7+ 12. Ke1 c6 13. Be4 Bf5 14.
Bxf5 Rxf5 15. b3 O-O-O 16. a3 Be7 17. Bb2 Bg5 18. e3 Rfd5 19. Bc3 Rd3 20. Ke2
Bxe3 21. Bxg7 Bg5 22. Bc3 Bxd2 23. Bxd2 Rxd2+ 24. Ke1 R2d3 25. b4 Re8+ 26. Kf2
Ree3 27. a4 Re4 28. Rhb1 Rdd4 29. b5 Rxa4 30. bxc6 bxc6 31. Rc1 Rxa1 32. Rxa1
Kb7 33. Rc1 a5 34. Kf3 Rb4 35. Ke3 a4 36. Ra1 Rb3+ 37. Kd4 a3 38. Kc4 Rf3 39.
Kb4 Kb6 40. Rxa3 Rxa3 41. Kxa3 Kc5 42. Kb3 Kd4 43. h4 h5 44. Kc2 Kc4 45. Kc1 Kc3
46. Kd1 Kb2 47. Kd2 c5 48. Kd3 Kb3 49. Kd2 c4 50. Kc1 Kc3 51. Kb1 Kd2 52. Kb2
c3+ 53. Kb3 c2 54. Ka2 c1=Q 55. Kb3 Qc3+ 56. Ka2 Qb4 57. Ka1 Kc2 58. Ka2 Qa4# {TavaresRibeiro est échec et mat} 0-1

[Event "Champ FRA - Under 8"]
[Site "Europe Echecs"]
[Date "2020.07.06"]
[Round "5"]
[Time "15:45:34"]
[PlyCount "83"]
[White "NicotValentin"]
[Black "YastrebovDanie"]
[WhiteElo "1041"]
[BlackElo "1390"]
[Mode "WEB"]
[Result "0-1"]

1. e4 e5 2. Nf3 Nc6 3. c3 Nf6 4. d4 exd4 5. e5 Ng4 6. cxd4 Bb4+ 7. Nc3 d6 8. a3
Bxc3+ 9. bxc3 dxe5 10. dxe5 Qxd1+ 11. Kxd1 Nxf2+ 12. Ke1 Nxh1 13. g3 O-O 14. Bg2
Nxg3 15. hxg3 Re8 16. Bf4 f6 17. Kf2 fxe5 18. Be3 Rf8 19. Ke2 Bg4 20. Rf1 e4 21.
Bf4 exf3+ 22. Bxf3 Bxf3+ 23. Rxf3 Rae8+ 24. Kf2 Ne5 25. Bxe5 Rxf3+ 26. Kxf3 Rxe5
27. Kf4 Ra5 28. g4 Rxa3 29. c4 Ra4 30. Kg5 Rxc4 31. Kh4 b5 32. Kh5 b4 33. Kh4 h6
34. Kh5 b3 35. Kh4 g6 36. Kh3 g5 37. Kg3 Rc3+ 38. Kf2 b2 39. Ke2 b1=Q 40. Kf2
Qb2+ 41. Ke1 Rc1# {NicotValentin est échec et mat} 0-1

[Event "Champ FRA - Under 8"]
[Site "Europe Echecs"]
[Date "2020.07.06"]
[Round "5"]
[Time "15:45:34"]
[PlyCount "32"]
[White "EboueZacharie"]
[Black "BriquetTom"]
[WhiteElo "1500"]
[BlackElo "1099"]
[Mode "WEB"]
[Result "1-0"]

1. e4 e5 2. Nf3 Nc6 3. Bb5 a6 4. Ba4 Nf6 5. Nc3 Bc5 6. d3 d6 7. O-O Bd7 8. Re1
O-O 9. Be3 Bxe3 10. Rxe3 Nd4 11. Bb3 Ng4 12. Re1 Nxb3 13. axb3 Qf6 14. h3 Nh6
15. Nd5 Qg6 16. Ne7+ {BriquetTom a abandonné} 1-0

[Event "Champ FRA - Under 8"]
[Site "Europe Echecs"]
[Date "2020.07.06"]
[Round "5"]
[Time "15:45:34"]
[PlyCount "70"]
[White "AkyuzEnes"]
[Black "SamouelianSola"]
[WhiteElo "1092"]
[BlackElo "1349"]
[Mode "WEB"]
[Result "1-0"]

1. e4 e5 2. Nf3 Nc6 3. Nc3 Nf6 4. Bb5 Bb4 5. O-O d6 6. d3 a6 7. Ba4 b5 8. Bb3
Be6 9. Bg5 h6 10. Bh4 g5 11. Bg3 Bxb3 12. axb3 h5 13. h3 h4 14. Bh2 g4 15. hxg4
Nxg4 16. Nd5 Bc5 17. b4 Nxb4 18. Nxb4 Bxb4 19. c3 Nxh2 20. Nxh2 Bc5 21. d4 exd4
22. cxd4 Bb6 23. Re1 Qg5 24. Nf3 Qg7 25. e5 dxe5 26. Nxe5 Kf8 27. Nd7+ Kg8 28.
Nxb6 cxb6 29. Qd3 Rh6 30. Qe4 Rg6 31. Qxa8+ Kh7 32. Qf3 Qxd4 33. Qxf7+ Rg7 34.
Qh5+ Kg8 35. Re8# {SamouelianSola est échec et mat} 1-0